Positivismo Jurídico y Democracia
Bewaard in:
| Hoofdauteur: | |
|---|---|
| Formaat: | Boek |
| Taal: | Spaans |
| Gepubliceerd in: |
Santiago
Academia Chilena de Ciencias Sociales
1989
|
| Reeks: | Memoria de la Academia Chilena de Ciencias Sociales, 3
|
| Onderwerpen: | |
| Tags: |
Voeg label toe
Geen labels, Wees de eerste die dit record labelt!
|
MARC
| LEADER | 00000nam a2200000 a 4500 | ||
|---|---|---|---|
| 001 | UCV0818 | ||
| 003 | CL-VaPUC | ||
| 008 | 890508e19890000CL |||||||||||||||||spa|d | ||
| 082 | 0 | 4 | |a 340.11 |b SQU |2 21 |
| 100 | 0 | |a Squella Narducci, Agustín |e author |9 295122 | |
| 245 | 1 | 0 | |a Positivismo Jurídico y Democracia |
| 300 | |a 83 p | ||
| 942 | |c BK | ||
| 945 | |d 19890508 00:00:00 | ||
| 260 | |a Santiago |b Academia Chilena de Ciencias Sociales |c 1989 | ||
| 650 | 0 | |a Derechos humanos |9 223025 | |
| 650 | 0 | |a Derecho natural |9 255041 | |
| 650 | 0 | |a Positivismo lógico |9 255539 | |
| 583 | |a last modification |c 19890508 00:00:00 |k Rodrigo Vera | ||
| 490 | 0 | |a Memoria de la Academia Chilena de Ciencias Sociales, 3 | |
| 999 | |c 209012 |d 209010 | ||
| 952 | |0 0 |1 0 |4 0 |6 340_110000000000000_SQU_1989 |7 0 |8 DER_TF |9 184104 |a BIBDER |b BIBDER |d 2019-11-14 |i 251270K |o 340.11 SQU 1989 |p 251270K |r 2023-01-25 |w 2019-11-14 |x Ubicación 4to Piso |y BK |z Estos recursos deben solicitarse con anticipación |k DER | ||